000 01317nam0a2200349 4500
001 RU\NLR\BIBL_A\022456925
005 20250519100459.0
010 _a978-5-00240-090-4
_9100
021 _aRU
_bКН-П-24-080554
_9КН-П-24-8041
035 _a(NLR Aleph) 022456925
090 _a13361386
_c13361386
100 _a20250213d2024 u y0rusy50 ca
101 0 _arus
102 _aRU
105 _aа z 000ay
181 0 _ai3
_baxxe
181 0 _ab2
_bxb2e
182 0 _an
200 1 _aНевероятные истории пациентов из жизни
_fВладислав Литвиненко
_g[иллюстрации: А. К. Плотникова и Я. А. Клепикова]
203 _aТекст
_bвизуальный
_cнепосредственный
205 _a[Изд. 2-е, перераб. и доп.]
210 _aМосква
_cНаш круг
_cЭкоэнергосервис
_d2024
215 _a90 с.
_cил.
_d22
686 2 _aШ6(2=Р)8-440.5
700 1 _aЛитвиненко
_bВ. М.
_gВладислав М.
702 1 _aПлотникова
_bА. К.
_4440
702 1 _aКлепикова
_bЯ. А.
_4440
942 _cBOOK
980 _aNB